000 01100nam a2200289 i 4500
001 bg
245 0 0 _aNomenklatura węglowodanów :
_bzalecenia 1996 /
_ctł. i red. nauk. Teresa Sokołowska i Andrzej Wiśniewski ; Polskie Towarzystwo Chemiczne. Komisja Terminologii.
246 _iTyt. oryg.:
_aNomenclature of carbohydrates
260 _aWrocław :
_bWydaw. Uniwersytetu Wrocławskiego,
_c2000.
300 _a158, [1] s. :
_brys., err. ;
_c24 cm.
490 1 _aWiadomości Chemiczne : biblioteka
500 _aTyt. oryg. : "Nomenclature of carbohydrates" (recommendations 1996).
504 _aBibliogr. s. 153-154.
650 9 _aWęglowodany
_xterminologia
650 9 _aChemia organiczna
_xterminologia
700 1 _aSOKOŁOWSKA, Teresa.
_eRed.
700 1 _aWIŚNIEWSKI, Andrzej.
_eRed.
710 0 _aPolskie Towarzystwo Chemiczne
_bKomisja Terminologii
830 _aWiadomości Chemiczne : biblioteka
020 _a8322919743
040 _cBPK
041 1 _apl
_hen
080 _a547:001.4
920 _a83-229-1974-3
942 _cKS
008 s pl f |000 0 pol
999 _c39286
_d39286
856 _uhttp://koha.tu.koszalin.pl/cgi-bin/koha/opac-detail.pl?biblionumber=39286
_yKatalog online BPK